Computer organisation and design (Record no. 24)

MARC details
000 -LEADER
fixed length control field 00623 a2200193 4500
001 - CONTROL NUMBER
control field 001079
003 - CONTROL NUMBER IDENTIFIER
control field OSt
005 - DATE AND TIME OF LATEST TRANSACTION
control field 20211007153500.0
008 - FIXED-LENGTH DATA ELEMENTS--GENERAL INFORMATION
fixed length control field
082 ## - DEWEY DECIMAL CLASSIFICATION NUMBER
Classification number 004.21
Item number P27C
100 1# - MAIN ENTRY--PERSONAL NAME
Personal name Patterson, David A.
245 1# - TITLE STATEMENT
Title Computer organisation and design
Statement of responsibility, etc by David A. Patterson and John L. Hennessy
250 ## - EDITION STATEMENT
Edition statement 4th ed.
260 ## - PUBLICATION, DISTRIBUTION, ETC. (IMPRINT)
Place of publication, distribution, etc New Delhi
Name of publisher, distributor, etc Elsever
Date of publication, distribution, etc 2009
300 ## - PHYSICAL DESCRIPTION
Extent 689p.
690 ## - LOCAL SUBJECT ADDED ENTRY--TOPICAL TERM (OCLC, RLIN)
Topical term or geographic name as entry element Computer organization; Computer engineering; Computer interfaces; Computer architecture; System design--Data processing; Computer science
700 ## - ADDED ENTRY--PERSONAL NAME
Personal name Hennessy, John L.
942 ## - ADDED ENTRY ELEMENTS (KOHA)
Source of classification or shelving scheme Dewey Decimal Classification
Koha item type Books
Holdings
Withdrawn status Lost status Source of classification or shelving scheme Damaged status Not for loan Collection code Home library Current library Date acquired Source of acquisition Cost, normal purchase price Total Checkouts Full call number Barcode Date last seen Date checked out Price effective from Koha item type
    Dewey Decimal Classification     General Text Book Central University Of Rajasthan Central University Of Rajasthan 28/09/2010 CSC 495.00 2 004.21 P27C 1071 21/04/2025 28/03/2025 02/09/2020 Books